<?xml version="1.0" encoding="UTF-8"?>
<marc:record xmlns:marc="http://www.loc.gov/MARC21/slim">
   <marc:leader>00000nam a2200000 a 4500</marc:leader>
   <marc:datafield ind1="0" ind2="0" tag="245">
      <marc:subfield code="a">Baker Street</marc:subfield>
   </marc:datafield>
   <marc:datafield ind1="0" ind2="0" tag="245">
      <marc:subfield code="c">Szenario Pierre Veys. Zeichn. Nicolas Barral. [Aus dem Franz. von Martin Surmann. Hrsg. Mirko Piredda</marc:subfield>
   </marc:datafield>
   <marc:datafield ind1=" " ind2="1" tag="264">
      <marc:subfield code="a">Berlin</marc:subfield>
      <marc:subfield code="b">Piredda</marc:subfield>
      <marc:subfield code="c">2010</marc:subfield>
   </marc:datafield>
   <marc:datafield ind1="1" ind2=" " tag="490">
      <marc:subfield code="a">Baker Street</marc:subfield>
   </marc:datafield>
   <marc:datafield ind1="1" ind2=" " tag="520">
      <marc:subfield code="a">Angaben aus der Verlagsmeldung

Sherlock Holmes und die Kamelienmänner Sherlock Holmes et les hommes du camellia / von Pierre Veys

Die Kamelie ist eine Pflanzenart in der Familie der Teestrauchgewächse. Sie ist in Ostasien beheimatet, eng mit dem Teestrauch verwandt und spielte bei Hof- und Teezeremonien eine besondere Rolle... Als Sherlock Holmes und Doktor Watson eines Tages auf offener Straße urplötzlich von einer Bande Chinesen entführt werden, nehmen die beiden auch an einer ganz speziellen Teezeremonie teil. Doch das ist nur der Anfang einer verzwickten Geschichte, die sie schließlich bis ins hinterste Indien führt...
</marc:subfield>
   </marc:datafield>
   <marc:datafield ind1=" " ind2=" " tag="020">
      <marc:subfield code="a">9783941279377</marc:subfield>
      <marc:subfield code="9">9783941279377</marc:subfield>
   </marc:datafield>
   <marc:datafield ind1=" " ind2=" " tag="041">
      <marc:subfield code="a">ger</marc:subfield>
   </marc:datafield>
   <marc:datafield ind1=" " ind2=" " tag="300">
      <marc:subfield code="a">47 S.</marc:subfield>
   </marc:datafield>
</marc:record>
